书目信息 |
| 题名: |
聚合物材料加工流变学
|
|
| 作者: | 梁基照 编著 | |
| 分册: | ||
| 出版信息: | 北京 国防工业出版社 2008.01 |
|
| 页数: | 252页 | |
| 开本: | 26cm | |
| 丛书名: | ||
| 单 册: | ||
| 中图分类: | TB324 | |
| 科图分类: | ||
| 主题词: | 高分子材料--gao fen zi cai liao--加工--流变学 | |
| 电子资源: | ||
| ISBN: | 978-7-118-05373-9 | |
| 000 | 00880nam0 2200253 450 | |
| 001 | 012008343234 | |
| 005 | 20080413152344.68 | |
| 010 | @a978-7-118-05373-9@dCNY29.00 | |
| 100 | @a20080413d2008 em y0chiy0120 ea | |
| 101 | 0 | @achi |
| 102 | @aCN@b110000 | |
| 105 | @aak a 000yy | |
| 106 | @ar | |
| 200 | 1 | @a聚合物材料加工流变学@Aju he wu cai liao jia gong liu bian xue@f梁基照编著@Fliang ji zhao bian zhu |
| 210 | @a北京@c国防工业出版社@d2008.01 | |
| 215 | @a252页@c图@d26cm | |
| 300 | @a高等院校材料学与工程专业规划教材 | |
| 320 | @a有书目 (第250-252页) | |
| 330 | @a本书内容分为十三章。第一章绪论;第二章流变学基础;第三章聚合物流体的本构方程;第四章简单模型流动分析等。 | |
| 606 | 0 | @a高分子材料@Agao fen zi cai liao@x加工@x流变学 |
| 690 | @aTB324@v4 | |
| 701 | 0 | @a梁基照@Aliang ji zhao@4编著 |
| 801 | 0 | @aCN@bQSSK@c20080413 |
| 905 | @b292222-23@dTB324@eL404@f2 | |
| 聚合物材料加工流变学/梁基照编著.-北京:国防工业出版社,2008.01 |
| 252页:图;26cm |
| 高等院校材料学与工程专业规划教材 |
| ISBN 978-7-118-05373-9:CNY29.00 |
| 本书内容分为十三章。第一章绪论;第二章流变学基础;第三章聚合物流体的本构方程;第四章简单模型流动分析等。 |
| ● |
| 相关链接 |
|
|
|
正题名:聚合物材料加工流变学
索取号:TB324/L404
 
预约/预借
| 序号 | 登录号 | 条形码 | 馆藏地/架位号 | 状态 | 备注 |
| 1 | 292222 | 202922221 | 自科库501/501自科库 13排1列4层/ [索取号:TB324/L404] | 在馆 | |
| 2 | 292223 | 202922230 | 自科库501/501自科库 13排1列4层/ [索取号:TB324/L404] | 在馆 |